Banská Bystrica

Zobrazenie: Pohľad z trávnika, zdobeného nízkym živým plotom a kvetmi, na námestie, lemované z oboch strán domami a sprava aj radom áut. Rad domov vpravo je ukončený katedrálou sv. Františka Xaverského. Za budovami vľavo sa čnejú veže kostola Nanebovzatia Panny Márie a mestského hradu. Na vrchu náme...

Full description

Bibliographic Details
Other Authors: Kanka, Ján (Photographer)
Format: Postcard
Language:Slovak
PhysicalDescription:1 pohľadnica čiernobiela 15 x 21 cm
Published: [Bratislava] VPL 1967
Subjects:

MARC

LEADER 00000nkm a2200000 a 4500
001 vtls011988851
003 SK-MaSNL
005 20260512130058.0
007 kp bo
008 230706s1967 xo g kuslo
015 |a SNBG1967 
035 |a urn:nbn:sk:snk-km00fcd4 
035 |a urn:nbn:sk:snk-km45txq 
035 |a 8D617DAC-4153-46E1-8518-C3BBEA5249C6 
040 |a SNK  |b slo  |c SNK  |e AACR2 
041 0 |a slo 
043 |a e-xo--- 
044 |a xo  |c SK 
072 7 |a 913  |x Regionálna geografia  |2 konspekt 
080 |a 913(437.6)  |2 2011 
080 |a 904(084.121)  |2 2011 
080 |a 728.81  |2 2011 
080 |a 726:27-523.42  |2 2011 
080 |a 726:27-523.41  |2 2011 
080 |a 725.948  |2 2011 
080 |a 725.942  |2 2011 
080 |a 725/726.012.28  |2 2011 
080 |a 721  |2 2011 
080 |a 711.61  |2 2011 
080 |a 625.712.4  |2 2011 
080 |a 725.945  |2 2011 
100 1 |a Kanka, Ján  |4 pht  |9 181462 
245 1 0 |a Banská Bystrica  |h grafika  |c foto Ján Kanka 
260 |a [Bratislava]  |b VPL  |c 1967 
300 |a 1 pohľadnica  |b čiernobiela  |c 15 x 21 cm 
500 |a Na adresnej časti uvedené: "Námestie Slovenského národného povstania s historickými domami z 15.-16. stor. V popredí pamätník hrdinov Sovietskej armády" 
520 8 |a Zobrazenie: Pohľad z trávnika, zdobeného nízkym živým plotom a kvetmi, na námestie, lemované z oboch strán domami a sprava aj radom áut. Rad domov vpravo je ukončený katedrálou sv. Františka Xaverského. Za budovami vľavo sa čnejú veže kostola Nanebovzatia Panny Márie a mestského hradu. Na vrchu námestia je rad budov s Hodinovou vežou. V popredí v strede je Čierny obelisk, popred ktorého vľavo prechádzajú traja ľudia. Za Čiernym obeliskom, v strede námestia je striekajúca fontána 
610 2 7 |a Katedrála sv. Františka Xaverského (Banská Bystrica, Slovensko)  |2 SNKKA  |9 227126 
610 2 7 |a Kostol Nanebovzatia Panny Márie (Banská Bystrica, Slovensko)  |2 SNKKA  |9 171768 
610 1 7 |a Banská Bystrica (Slovensko : hrad)  |2 SNKKA  |9 165891 
650 0 7 |a kultúrne pamiatky  |2 SNKPH  |9 2862 
650 0 7 |a katedrály  |2 SNKPH  |9 3032 
650 0 7 |a kostoly  |2 SNKPH  |9 3023 
650 0 7 |a námestia  |2 SNKPH  |9 26291 
650 0 7 |a Hodinová veža (Banská Bystrica, Slovensko)  |2 SNKPH  |9 259089 
650 0 7 |a veže  |2 SNKPH  |9 30797 
650 0 7 |a hrady  |2 SNKPH  |9 3039 
650 0 7 |a budovy  |2 SNKPH  |9 1283 
650 0 7 |a fontány  |2 SNKPH  |9 3014 
650 0 7 |a Čierny obelisk (Banská Bystrica, Slovensko)  |2 SNKPH  |9 364634 
650 0 7 |a obelisky  |2 SNKPH  |9 30801 
650 0 7 |a pamätníky  |2 SNKPH  |9 25601 
651 7 |a Banská Bystrica (Slovensko)  |2 SNKPHgeo  |9 22015 
651 7 |a Námestie SNP (Banská Bystrica, Slovensko)  |2 SNKPHgeo  |9 112859 
655 7 |a miestne pohľadnice  |2 SNKPH  |9 70510 
655 7 |a pohľadnice kultúrnych pamiatok  |2 SNKPH  |9 70523 
852 |a Slovenská národná knižnica 
958 |a GBN 
958 |a OND 
958 |a GC 
999 |c 1124304  |d 1126234 
952 |a SNK  |b SNK  |y PREZ  |7 0  |p 17A1277429  |o snkSP 45123  |0 0  |1 0  |4 0  |d 2020-08-24  |f 1  |l 0  |r 2026-02-24 18:41:44  |w 2026-02-24